000 00653nam a2200241Ia 4500
003 OSt
005 20221007072418.0
006 a|||||r|||| 00| 0
007 ta
008 221006b |||||||| |||| 00| 0 eng d
024 _a19,625
037 _cTextual
040 _aFLL
_cFLL
_beng
041 _2eng
_aeng
082 _aZ1:81, J9
100 _aSimpson J.L. Au.
_9690602
245 0 _aInternational arbitration
260 _aLondon
_bStevens and sons limited England
_c1959
300 _a330p
_ccm.
700 _a Fox H. Au.
_9690603
942 _hZ1:81, J9
_cTEXL
_2CC
999 _c1145998
_d1145998